|
|
|
|
| LEADER |
00857nam a2200313 4500 |
| 001 |
DLU120136110 |
| 005 |
##20120606 |
| 040 |
# |
# |
|a DLU
|b vie
|
| 041 |
# |
# |
|a vie
|
| 044 |
# |
# |
|a vn
|
| 082 |
# |
# |
|a 808.13
|b TR-S
|
| 100 |
# |
# |
|a Trần Đình Sử.
|
| 245 |
# |
# |
|a Thi pháp truyện Kiều :
|b Chuyên luận /
|c Trần Đình Sử.
|
| 250 |
# |
# |
|a Tái bản lần thứ nhất.
|
| 260 |
# |
# |
|a H. :
|b Giáo dục,
|c 2003.
|
| 300 |
# |
# |
|a 399 tr. ;
|c 21 cm.
|
| 504 |
# |
# |
|a Thư mục tra cứu truyện Kiều :tr.351.
|
| 600 |
# |
# |
|a Nguyễn Du,
|d 1765-1820
|t Truyện Kiều.
|
| 650 |
# |
# |
|a Văn học Việt Nam
|x Lịch sử và phê bình.
|
| 923 |
# |
# |
|a 01/2012DP
|
| 992 |
# |
# |
|a 35000
|
| 994 |
# |
# |
|a KDP
|
| 900 |
# |
# |
|a True
|
| 911 |
# |
# |
|a Đào Thị Thu Huyền
|
| 925 |
# |
# |
|a G
|
| 926 |
# |
# |
|a A
|
| 927 |
# |
# |
|a SH
|
| 980 |
# |
# |
|a Thư viện Trường Đại học Đà Lạt
|